| 000 | 00601nam a2200205Ia 4500 | ||
|---|---|---|---|
| 005 | 20250508150231.0 | ||
| 008 | 008 250505s9999 xx 000 0 eng d | ||
| 037 | _aTextual | ||
| 040 |
_aFEDL _beng _cFEDL |
||
| 041 |
_aeng _2eng |
||
| 084 |
_a301.15, MUK _qFEDL |
||
| 100 | _aMukerjee Radhakamal | ||
| 245 | 0 | _aIntroduction to social psychology: Mind in society | |
| 260 |
_aLondon, UK _bD. C. Heath and Company _c1928 |
||
| 300 | _axv,304p | ||
| 650 | _aSociology | ||
| 700 |
_a Sen - Gupta Narendra Nath _9756198 |
||
| 942 |
_cTEXL _h301.15, MUK |
||
| 999 |
_c1322542 _d1322542 |
||